| 000 | 00856nam a2200229Ia 4500 | ||
|---|---|---|---|
| 003 | GCL | ||
| 008 | 140319s9999 xx 000 0 ara d | ||
| 040 |
_aGCL / _cGCL |
||
| 082 | 0 | 4 |
_aق _b027.4 _bع م |
| 100 | 1 |
_aعبدالفتاح مراد _vReviewer _@ _٠راجع |
|
| 245 | 1 | 0 |
_aمكتبة الاسكندرية والعولمة الثقافية / _cعبدالفتاح مراد |
| 260 |
_aالقاهرة : _bالمؤلف |
||
| 300 |
_a500 ص ؛ _c24 سم |
||
| 650 | 0 | 4 | _aمكتبة الاسكندرية القديمة |
| 650 | 0 | 4 | _aالمكتبات العامة |
| 650 | 0 | 4 | _aالمكتبات، علم |
| 650 | 0 | 4 | _aالمكتبات - تخطيط |
| 650 | 0 | 4 | _aالمكتبات - تاريخ - مصر |
| 650 | 0 | 4 | _aالمكتبات - تنظيم وادارة |
| 650 | 0 | 4 | _aمكتبة الاسكندرية الجديدة |
| 942 |
_2ddc _cBK |
||
| 999 |
_c9408 _d9408 |
||